GIMS - SOIS PAS TIMIDE [paroles] - Statistiques

Statistiques générales
  • Ce quiz a été pris 44 fois
    38 depuis la dernière actualisation
  • Le résultat moyen est 51 sur 77
Statistiques - réponses
Réponse % Correct
pas
94%
le
91%
à
89%
timide
89%
tu
89%
de
83%
vu
83%
dans
80%
donc
80%
j’ai
80%
je
80%
la
80%
n’es
80%
sourire
80%
te
80%
ton
80%
d’un
77%
sur
77%
bolide
74%
chiffres
74%
périph’
74%
six
74%
sortir
74%
ta
74%
faisais
71%
fond
71%
m’as
71%
moi
71%
remonter
71%
sais
71%
bébé
69%
ça
69%
garder
69%
j’t’ai
69%
mon
69%
pour
69%
près
69%
risque
69%
zone
69%
des
66%
j’suis
66%
vitre
66%
dix
63%
j’fais
63%
j’vais
63%
que
63%
story
63%
aride
60%
attention
60%
beaucoup
60%
charisme
60%
j’arrive
60%
on
60%
té-ma
60%
tes
60%
t’es
60%
capitale
57%
côté
57%
d’ennemis
57%
dire
57%
d’une
57%
m’connais
57%
plus
57%
VIP
57%
cette
54%
façon
54%
poétique
54%
alors
51%
blacklisté
51%
mes
51%
mets
51%
oasis
51%
vais
51%
s’éclipse
49%
côtés
40%
l’éternité
40%
Beriz
37%
Aucun quiz correspondant
Distribution des résultats
% des personnes avec chaque résultat
Percentile par nombre de réponses
Votre historique - résultats
Vous n’avez pas pris ce quiz depuis la dernière actualisation